Mais Gols de Falta Pelo Clube Atlético Mineiro - Statistics

Estatísticas Gerais
  • Esse quiz foi jogado 67 vezes
  • A pontuação média é 4 de 6
Estatísticas das Respostas
N Ano (N) Jogador % Correto
14 2021 (2), 2022 (1), 2023 (5), 2024 (3), 2025 (3) Hulk
98%
7 2012 (1), 2013 (6) Ronaldinho Gaúcho / Ronaldinho
90%
8 2016 (1), 2017 (6), 2020 (1) Otero
78%
19 1980 (5), 1981 (3), 1982 (1), 1983 (2), 1989 (1), 1990 (5), 1994 (2) Éder Aleixo / Éder
72%
14 1983 (4), 1984 (4), 1985 (4), 1986 (2) Nelinho
32%
7 2000 (5), 2001 (2) Ramon Menezes / Ramon
18%
Nenhum quiz correspondente encontrado
Distribuição das Pontuações
Porcentagem de Pessoas com Cada Pontuação
Percentil de Números Respondidos
Sua Pontuação Histórica
Você não jogou esse quiz